书目信息 |
| 题名: |
土木工程材料
|
|
| 作者: | 余丽武 , 朱平华 , 张志军 主编 | |
| 分册: | ||
| 出版信息: | 北京 中国建筑工业出版社 2017.03 |
|
| 页数: | 358页 | |
| 开本: | 26cm | |
| 丛书名: | ||
| 单 册: | ||
| 中图分类: | TU5 | |
| 科图分类: | ||
| 主题词: | 土木工程--建筑材料--高等学校--教材 | |
| 电子资源: | ||
| ISBN: | 978-7-112-20231-7 | |
| 000 | 01139nam0 2200277 450 | |
| 001 | 0100004422 | |
| 005 | 20190305105432.20 | |
| 010 | @a978-7-112-20231-7@dCNY44.00 | |
| 100 | @a20170417d2017 em y0chiy50 ea | |
| 101 | 0 | @achi |
| 102 | @aCN@b110000 | |
| 105 | @aak z 000yy | |
| 200 | 1 | @a土木工程材料@Atu mu gong cheng cai liao@f余丽武,朱平华,张志军主编 |
| 210 | @a北京@c中国建筑工业出版社@d2017.03 | |
| 215 | @a358页@c图@d26cm | |
| 300 | @a高等学校土木工程专业应用型人才培养规划教材 住房城乡建设部土建类学科专业“十三五”规划教材 | |
| 312 | @a封面英文题名: Civil engineering | |
| 330 | @a本书为“高等学校土木工程专业应用型人才培养规划教材”系列《土木工程材料》课程用书。全书以文字为主,图文并茂,是按照现行的最新国家标准和行业规范,结合实践经验编写而成,主要内容为无机胶凝材料、混凝土和砂浆、钢材等土木工程材料的基本组成。 | |
| 510 | 1 | @aCivil engineering@zeng |
| 606 | 0 | @a土木工程@x建筑材料@x高等学校@j教材 |
| 690 | @aTU5@v5 | |
| 701 | 0 | @a余丽武@Ayu li wu@4主编 |
| 701 | 0 | @a朱平华@Azhu ping hua@4主编 |
| 701 | 0 | @a张志军@Azhang zhi jun@4主编 |
| 801 | 0 | @aCN@c20171024 |
| 905 | @a河南城建学院图书馆@dTU5@eY7632 | |
| 土木工程材料/余丽武,朱平华,张志军主编.-北京:中国建筑工业出版社,2017.03 |
| 358页:图;26cm |
| 高等学校土木工程专业应用型人才培养规划教材 住房城乡建设部土建类学科专业“十三五”规划教材 |
| ISBN 978-7-112-20231-7:CNY44.00 |
| 本书为“高等学校土木工程专业应用型人才培养规划教材”系列《土木工程材料》课程用书。全书以文字为主,图文并茂,是按照现行的最新国家标准和行业规范,结合实践经验编写而成,主要内容为无机胶凝材料、混凝土和砂浆、钢材等土木工程材料的基本组成。 |
| ● |
| 相关链接 |
|
|
|
正题名:土木工程材料
索取号:TU5/Y7632
 
预约/预借
| 序号 | 登录号 | 条形码 | 馆藏地/架位号 | 状态 | 备注 |
| 1 | 1305142 | 213051427 | 建筑库201/201建筑库 3排1列4层/ [索取号:TU5/Y7632] | 在馆 | |
| 2 | 1337962 | 213379627 | 建筑库201/201建筑库 3排1列4层/ [索取号:TU5/Y763-2] | 在馆 | |
| 3 | 1337963 | 213379636 | 建筑库201/201建筑库 3排1列4层/ [索取号:TU5/Y763-2] | 在馆 |